[Event "79th ARM-ch 1st League 2018"]
[Site "Yerevan"]
[Date "2018.08.13"]
[Round "5"]
[White "Sargsyan, Shant"]
[Black "Harutyunian, Tigran K"]
[Result "1/2-1/2"]
[WhiteElo "2472"]
[BlackElo "2504"]
[Annotator "TA"]
[PlyCount "69"]
[EventDate "2018.08.09"]
[EventType "tourn"]
[EventCountry "ARM"]
[SourceTitle "playchess.com"]
[Source "ChessBase"]
[SourceQuality "1"]

{[%evp 24,69,20,0,0,0,28,22,24,30,36,32,36,-19,-21,-49,-49,-42,-45,-50,-6,-22,-11,-22,-22,-24,-10,-10,-15,-24,-10,-18,-13,-14,0,0,0,0,0,0,0,0,0,0,0,0,0,0]} 1. e4 e5 2. Nf3 Nc6 3. Bb5 {[%cal Bf1b5,Bb5a4,Ba4b3][%mdl 32]} a6 4. Ba4 Nf6 5. d3 b5 6. Bb3 Bc5 7. Nc3 O-O 8. O-O h6 {C78: Ruy Lopez: Archangelsk and Möller Defences} 9. Nd5 d6 10. c3 (10. Be3 Bxe3 11. fxe3 Na5 12. Nxf6+ Qxf6 13. Bd5 c6 14. Nd4 Qg5 15. Nxc6 Nxc6 16. Bxc6 Qxe3+ {½-½ (32) Anand,V (2760)-Mamedyarov,S (2808) Stavanger 2018}) 10... Rb8 11. d4 Ba7 12. Be3 Ng4 13. dxe5 {LiveBook: 3 Games} Nxe3 14. Nxe3 dxe5 $146 ({Predecessor:} 14... Bxe3 15. fxe3 dxe5 16. Qxd8 Nxd8 17. Nxe5 {½-½ (78) Kuipers,S (2404)-De Jong,J (2454) Netherlands 2016}) 15. Qxd8 Rxd8 16. Nd5 Rb7 17. Nb4 Nxb4 18. Nxe5 (18. cxb4 $14 c5 19. bxc5 (19. Nxe5 c4 $11)) 18... c5 $11 {[%cal Bc7c5,Bc5c4][%mdl 32] [#] aiming for ...c4.} ({Inferior is} 18... Nd3 19. Nxf7 Rd7 20. Nd6+ Kh7 21. Nxc8 $16) 19. cxb4 c4 $1 {[%cal Rc4b3]} 20. Nc6 $1 {[%cal Rc6d8]} Rd2 21. Rad1 Rxb2 22. Rd8+ Kh7 23. Rxc8 {[#] And now Bd1 would win.} cxb3 24. axb3 Bb6 25. Rb8 Rxb8 26. Nxb8 Rxb3 27. Nxa6 {[%mdl 4096] Endgame KRB-KRN. The position is equal.} Rb2 28. g3 Kg6 29. Kg2 Kf6 30. Nc5 Bxc5 31. bxc5 Rc2 32. Ra1 Rxc5 33. Ra7 h5 34. h4 g6 35. Kf3 {Precision: White = 74%, Black = 76%.} 1/2-1/2

[Event "79th ARM-ch 1st League 2018"]
[Site "Yerevan"]
[Date "2018.08.13"]
[Round "5"]
[White "Babujian, Levon"]
[Black "Mkrtchyan, Sargis R"]
[Result "1-0"]
[WhiteElo "2459"]
[BlackElo "2239"]
[Annotator "TA"]
[PlyCount "63"]
[EventDate "2018.08.09"]
[EventType "tourn"]
[EventCountry "ARM"]
[SourceTitle "playchess.com"]
[Source "ChessBase"]
[SourceQuality "1"]

{[%evp 10,63,52,48,39,55,48,45,60,36,62,72,82,75,85,90,77,84,104,100,100,112,110,99,126,100,186,185,189,190,175,185,181,195,185,178,179,152,379,246,431,455,527,358,631,611,543,773,745,747,972,966,1404,1394,1347,1283]} 1. d4 Nf6 2. Bg5 Ne4 3. Bf4 c5 4. d5 d6 5. f3 Nf6 6. e4 {LiveBook: 61 Games} e6 {A45: Trompowsky Attack} (6... g6 7. Nc3 Bg7 8. Qd2 a6 9. a4 Nbd7 10. Bh6 Bxh6 11. Qxh6 Qa5 12. Ra3 Nb6 13. Be2 Bd7 14. Qd2 g5 15. h4 {0-1 (63) Moiseenko,A (2667)-Melkumyan,H (2633) Riadh 2017}) 7. Bb5+ Bd7 8. Bxd7+ Qxd7 {White is slightly better.} 9. Nc3 $146 ({Predecessor:} 9. Ne2 Be7 10. O-O O-O 11. c4 Ne8 12. Nbc3 e5 {½-½ (66) Federau,J (2285)-Darnstaedt,F (2315) Germany 1992}) 9... e5 10. Be3 Be7 11. g4 {[%cal Bg2g4,Bg4g5][%mdl 32]} h5 {[%cal Rh5g4]} 12. g5 Nh7 13. h4 $36 {[%mdl 2048] Keeping Black busy.} f6 {[%cal Rf6g5]} 14. f4 Qg4 15. fxe5 fxe5 16. Nge2 O-O 17. Qd2 Na6 (17... Bd8 $16 {might work better.}) 18. O-O-O $18 g6 19. Rdg1 $1 {[%cal Rg1g4]} Qd7 20. Ng3 $1 Bd8 {[#]} 21. Qe2 $1 Ba5 {Black wants to play ...Bxc3.} 22. Nd1 {[%cal Bc3d1,Bd1e3,Be3f5][%mdl 32]} Qa4 23. Kb1 Nc7 $2 (23... Rac8 $16 24. c3 Bb6) 24. Bc1 Qb5 $2 {[#]} (24... Nb5 25. c3 Bc7) 25. c4 $1 {[%cal Rc4b5]} Qd7 26. Ne3 Rf4 $2 {[#]} (26... Ne8 27. Rd1 a6) 27. Nef5 $1 {[%mdl 512] White is clearly winning.} gxf5 28. Bxf4 exf4 29. Nxf5 Re8 30. Qxh5 Rxe4 31. Qg6+ Kf8 32. Nh6 {Precision: White = 85%, Black = 32%.} 1-0

[Event "79th ARM-ch 1st League 2018"]
[Site "Yerevan"]
[Date "2018.08.13"]
[Round "5"]
[White "Hayrapetyan, Hovik"]
[Black "Hakobyan, Aram"]
[Result "0-1"]
[WhiteElo "2439"]
[BlackElo "2545"]
[Annotator "TA"]
[PlyCount "116"]
[EventDate "2018.08.09"]
[EventType "tourn"]
[EventCountry "ARM"]
[SourceTitle "playchess.com"]
[Source "ChessBase"]
[SourceQuality "1"]

{[%evp 19,116,-12,-6,0,0,0,0,-25,-26,-77,-55,-102,-99,-91,-90,-135,-129,-145,-130,-131,-140,-140,-137,-142,-140,-144,-157,-148,-155,-152,-162,-141,-145,-177,-172,-177,-158,-166,-171,-229,-225,-239,-239,-258,-245,-235,-208,-276,-273,-259,-190,-187,-187,-211,-218,-479,-480,-464,-468,-464,-462,-447,0,0,0,0,0,0,0,0,0,0,0,0,0,0,0,0,0,-12842,-12843,-12843,-12843,-12844,-12844,-12850,-12850,-12850,-29972,-12851,-29971,-29971,-29971,-12851,-29975,-12851,-29976,-12851,-29977]} 1. d4 Nf6 2. c4 e6 3. Nf3 d5 4. Nc3 Bb4 5. Qa4+ Nc6 6. Ne5 Bd7 {D38: Queen's Gambit Declined: Ragozin Defence (4 Nf3 Bb4)} 7. Nxd7 Nxd7 (7... Qxd7 8. e3 O-O 9. a3 Bxc3+ 10. bxc3 e5 11. Be2 Rfe8 12. Bb2 dxc4 13. Qxc4 Na5 14. Qb4 b6 15. dxe5 Nc6 16. Qf4 Nxe5 {1-0 (61) Jakovenko,D (2738)-Giri,A (2776) Khanty-Mansiysk 2015 CBM 167 [Jakovenko,D]}) 8. cxd5 Nb6 9. Qb5 a6 10. Qd3 Qxd5 {LiveBook: 3 Games} 11. e3 $146 ({Predecessor:} 11. a3 Qb3 12. e3 e5 13. Be2 exd4 14. axb4 dxc3 15. bxc3 {0-1 (34) Cossin,S (2499)-Georgiev,K (2633) Skopje 2017}) 11... f5 12. Bd2 Bxc3 13. Bxc3 O-O-O 14. Rg1 (14. a4 $11) 14... Rhf8 $17 15. b3 e5 {[%cal Re5d4]} 16. O-O-O Qd6 17. h3 exd4 18. exd4 Nd5 19. Ba1 Qh2 20. Be2 Qf4+ 21. Kb1 Qxf2 22. Bf3 Ne3 23. Rde1 {Strongly threatening Bxc6.} Nb4 24. Qe2 Qxe2 25. Rxe2 Nbd5 26. Rge1 f4 27. Bb2 g5 28. Rf2 c6 29. Bxd5 (29. Bc1 {was necessary.}) 29... Nxd5 $19 ({Weaker is} 29... cxd5 30. Bc1 $15) 30. Re5 h6 31. h4 g4 32. Bc1 Rf6 33. Bd2 Rg8 34. Kc2 f3 35. gxf3 g3 ({Much less strong is} 35... Rxf3 36. Rxf3 gxf3 37. Rf5 $17) 36. Rg2 Rxf3 37. Bxh6 $2 (37. Kd1) 37... Rf2+ 38. Rxf2 gxf2 {[%mdl 4096] Endgame KRB-KRN} 39. Rf5 Rg6 $1 {[%cal Rg6f6]} 40. Bg5 {[#]} Rxg5 $1 {[%mdl 512] KRN-KR} 41. Rf8+ $11 (41. Rxg5 f1=Q) 41... Kd7 42. hxg5 {[%cal Bh4g5,Bg5g6,Bg6g7][%mdl 32] KR-KN} f1=Q 43. Rxf1 Ne3+ 44. Kd3 Nxf1 {KN-KP} 45. g6 {g7 is the strong threat.} Ke6 {aiming for ...Ng3.} 46. d5+ cxd5 {Threatens to win with ...Ng3. KN-K3P} 47. g7 $1 {[%cal Rg7g8]} Kf7 48. Kd4 b5 {[%cal Bb7b5,Bb5b4][%mdl 32] Hoping for ...b4.} 49. Kxd5 $2 {[%mdl 8192] [#]} (49. a3 $11) 49... b4 $1 $19 50. Kc4 a5 51. Kb5 Ne3 52. Kxa5 {[#]} Nc2 $1 53. Kb5 Kxg7 54. Kc4 Kf6 55. Kd3 Na3 56. Kd4 Ke6 (56... Kf5 $19 57. Kd3 Ke5) 57. Ke4 Kd6 (57... Nb5 $19 58. Ke3 Kd5) 58. Kd4 Kc6 {Precision: White = 52%, Black = 95%.} 0-1

[Event "79th ARM-ch 1st League 2018"]
[Site "Yerevan"]
[Date "2018.08.13"]
[Round "5"]
[White "Hayrapetyan, Artavazd R"]
[Black "Gharibyan, Mamikon"]
[Result "1-0"]
[WhiteElo "2371"]
[BlackElo "2341"]
[Annotator "TA"]
[PlyCount "91"]
[EventDate "2018.08.09"]
[EventType "tourn"]
[EventCountry "ARM"]
[SourceTitle "playchess.com"]
[Source "ChessBase"]
[SourceQuality "1"]

{[%evp 18,91,14,0,10,0,21,4,5,7,23,22,24,18,27,20,16,12,11,13,181,121,112,75,106,98,96,81,100,93,97,59,56,68,73,25,66,11,42,0,0,0,0,0,33,0,14,-58,-54,-47,-36,-89,-81,-138,0,0,0,0,0,0,0,0,0,0,0,-43,12831,12832,29991,29992,29992,29993,29994,29995,29996,252]} 1. c4 Nf6 2. Nf3 e6 3. g3 d5 4. d4 Bb4+ 5. Bd2 Bd6 (5... Be7 6. Bg2 O-O 7. O-O Nbd7 8. b4 c6 9. a4 Bd6 10. Qc2 e5 11. cxd5 cxd5 12. dxe5 Nxe5 13. Bc3 Re8 14. Nbd2 Nxf3+ 15. Bxf3 Bh3 {½-½ (58) So,W (2778)-Karjakin,S (2782) Stavanger 2018}) 6. Bg2 {E01: Catalan: Early deviations} O-O 7. O-O Nbd7 8. Qc2 c6 9. Rd1 Ne4 10. Be1 {LiveBook: 9 Games} f5 11. Nc3 a6 $146 ({Predecessor:} 11... Qe7 12. e3 g5 {½-½ (42) Lesiege,A (2525)-Charbonneau,P (2505) chess.com INT 2017}) 12. Rac1 Qe7 13. a3 b6 14. cxd5 cxd5 15. Ne5 Bb7 16. Qb3 Nxe5 17. dxe5 Bc5 18. Na4 f4 $2 (18... Rab8 $1 $11) 19. Nxc5 (19. gxf4 $1 $18 Rxf4 20. Nxc5 bxc5 21. f3) 19... bxc5 $16 20. Qb6 $36 {[%mdl 2048] Keeping Black busy.} Rac8 21. f3 Rc6 {[#]} 22. Qa5 $1 Ng5 23. Bf2 {[%cal Rf2c5]} c4 24. Qd2 fxg3 $1 25. hxg3 Nf7 26. Bd4 Rcc8 27. b4 (27. Qb4 $14 Rfe8 28. Qxe7 Rxe7 29. e3) 27... cxb3 28. Qb2 Qg5 29. Rxc8 Bxc8 30. Kf2 Nh6 31. f4 {[%mdl 1024] White has compensation.} Ng4+ 32. Kg1 (32. Ke1 $11 Qh5 33. Qxb3) 32... Qh5 33. Rd3 g5 34. Rf3 (34. Rxb3 $15 gxf4 35. Rf3) 34... gxf4 35. Qxb3 (35. gxf4 $142 Qh2+ 36. Kf1) 35... Nxe5 ({Black should try} 35... Bd7 $17 36. a4 Qh2+ 37. Kf1 Qh6) 36. Rxf4 $11 {Black must now prevent Qb8.} Rxf4 37. gxf4 Nc6 38. Ba1 {Strongly threatening Qc3.} Bd7 39. Bf3 Qh4 {Threatens to win with ...Qe1+.} 40. Qb2 {[%csl Ga1][%cal Rb2g7]} Qg3+ 41. Kf1 {And now Qh8+ would win.} (41. Kh1 $5 {[%cal Rb2h8]} Qg6 42. f5 exf5 43. Bxd5+ Kf8 44. Qh8+ Ke7 45. Bg7 $11) 41... Kf7 $2 {[%mdl 8192]} (41... e5 $15 42. Bxd5+ Kf8) 42. Qf6+ $18 Kg8 43. Bh5 {[%csl Ga1][%cal Rf6h8] White mates.} Qh3+ {[#]} 44. Ke1 $1 {[%csl Ga1][%cal Rf6h8]} Qg3+ 45. Kd2 {[%csl Ga1][%cal Rf6h8]} d4 46. Bf7+ {Precision: White = 60%, Black = 44%.} 1-0

[Event "79th ARM-ch 1st League 2018"]
[Site "Yerevan"]
[Date "2018.08.13"]
[Round "5"]
[White "Hoghmrtsyan, Artur"]
[Black "Poghosyan, Suren"]
[Result "1/2-1/2"]
[WhiteElo "2157"]
[BlackElo "2301"]
[Annotator "TA"]
[PlyCount "112"]
[EventDate "2018.08.09"]
[EventType "tourn"]
[EventCountry "ARM"]
[SourceTitle "playchess.com"]
[Source "ChessBase"]
[SourceQuality "1"]

{[%evp 13,112,22,22,25,29,22,28,21,46,0,-8,-18,-2,-47,-37,-18,18,26,31,28,32,36,20,15,31,27,37,0,0,-16,0,-61,-60,-115,-80,-99,-67,-59,-62,-59,-53,-52,-45,-65,-35,-35,-35,-102,-93,-157,-157,-154,-145,-207,-184,-279,-274,-343,-326,-353,-96,-96,-96,-96,-96,-96,-96,-96,-96,-96,-96,-96,-96,-96,-96,-103,-96,-96,-24,-24,-4,-4,0,-66,-66,-66,-66,-66,-66,-66,-20,-74,-66,-74,-66,-74,-74,-74,-7,-14,-14]} 1. e4 e6 2. d4 d5 3. exd5 exd5 4. Bd3 Nc6 5. c3 Bd6 6. Ne2 Nge7 7. O-O Bg4 {LiveBook: 6 Games} 8. a4 {[%cal Ba2a4,Ba4a5][%mdl 32] C01: French: Exchange Variation} (8. Na3 Bxa3 9. bxa3 Bf5 10. Bb5 O-O 11. Ng3 Bg6 12. a4 Na5 13. Ba3 c6 14. Re1 Re8 15. Bf1 Qd7 {½-½ (34) Druska,J (2441)-Petrik,T (2468) Banska Stiavnica 2017}) 8... Qd7 9. Qc2 f6 $146 ({Predecessor:} 9... O-O-O 10. b4 Rde8 11. b5 Nd8 12. a5 Kb8 13. Nf4 g5 14. Ne2 f6 15. Ng3 h5 {0-1 (25) Ott,H (1690)-Just,G (1924) Leipzig 2012}) 10. a5 {White has an edge.} a6 11. Nd2 (11. Re1 $14) 11... O-O-O $11 12. Nb3 g5 13. Nc5 Bxc5 $1 14. dxc5 Ne5 15. Nd4 N7c6 16. Be3 Rde8 17. Nxc6 Qxc6 18. b4 ({But not} 18. Bxh7 Qd7 $17) 18... Nxd3 19. Qxd3 Re5 20. Ra2 Bf5 21. Qe2 h5 {[%cal Bh7h5,Bh5h4,Bh4h3][%mdl 32]} 22. Rb2 ({White should try} 22. Qd1 $11) 22... h4 $15 {[#] Threatens to win with ...h3.} 23. b5 ({White should play} 23. Ra1 $15) 23... axb5 $17 24. Ra1 h3 {...d4! is the strong threat.} 25. Qxb5 Qxb5 26. Rxb5 Bd3 27. Rb4 Re6 $36 {[%mdl 2048] Black has good play.} 28. Rd1 Bc4 29. Rdb1 Ba6 30. g4 (30. Rd1 $15) 30... Kd7 31. R1b2 (31. Rd1 $142) 31... Rh4 {White must now prevent ...Bc4.} 32. Rd2 Kc6 33. Rbd4 (33. Kh1 $17) 33... Bc4 $19 34. Rd1 (34. Kh1 $142) 34... Re4 35. Rxe4 dxe4 {[%mdl 4096] Endgame KRB-KRB} 36. f3 {[#]} exf3 $2 (36... Be2 $1 $19 {[%cal Re2d1] and Black stays clearly on top.} 37. Rd8 Bxf3) 37. Rd4 $17 Be6 38. Kf2 Rxg4 39. Rxg4 Bxg4 {KB-KB} 40. Bd4 Bh5 41. Bxf6 g4 42. Be5 Bf7 43. Bg3 Bc4 44. Bf4 Kd7 45. Bg3 c6 (45... Bd5 $17 46. Ke3 Kc6) 46. Ke3 $11 Be6 47. Ke4 Ke7 48. Ke3 (48. Bh4+ $11 Kf8 49. Ke5) 48... Kf6 $15 49. Ke4 Bf5+ 50. Ke3 Bc8 51. Ke4 Ke6 52. Kd4 (52. Bf2 $11 {keeps the balance.}) 52... Bd7 53. Bf2 Be8 54. Bg3 Bg6 55. Bf2 g3 (55... Kf5 $17 56. Bg3 Be8) 56. Bxg3 $11 Kf5 {Precision: White = 51%, Black = 54%.} 1/2-1/2

[Event "79th ARM-ch 1st League 2018"]
[Site "Yerevan"]
[Date "2018.08.13"]
[Round "5"]
[White "Sargsyan, Tigran R"]
[Black "Martirosyan, Garik"]
[Result "1-0"]
[WhiteElo "2136"]
[BlackElo "2145"]
[Annotator "NA"]
[PlyCount "55"]
[EventDate "2018.08.09"]
[EventType "tourn"]
[EventCountry "ARM"]
[SourceTitle "playchess.com"]
[Source "ChessBase"]
[SourceQuality "1"]
[TimeControl "40/5400+30:1800+30"]

{[%evp 8,47,0,13,37,18,52,46,49,31,56,31,97,64,109,102,252,246,231,237,270,287,32767,32767,32767,300,32767,32767,32767,32767,288,32767,32767,32767,32767,32767,32767,32767,314,273,315,352]} 1. d4 {[%emt 0:00:00]} Nf6 {[%emt 0:00:00]} 2. Nf3 {[%emt 0:00:00]} e6 {[%emt 0:00:00]} 3. e3 {[%emt 0:00:12]} b6 {[%emt 0:01:37]} 4. Bd3 {[%emt 0:00:09]} Bb7 {[%emt 0:00:16]} 5. O-O {[%emt 0:00:14]} g6 {[%emt 0:01:04] LiveBook: 65 Games A47: 1 d4 Nf6 2 Nf3 b6: Torre, London and Colle Systems} (5... d5 6. b3 Be7 7. Bb2 O-O 8. Nbd2 c5 9. Qe2 Nbd7 10. c4 cxd4 11. exd4 Re8 12. Rac1 Rc8 13. Rfd1 Bf8 14. Ne5 dxc4 15. bxc4 Nxe5 16. dxe5 Nd7 17. Be4 Qc7 18. Bxb7 Qxb7 19. Ne4 {1-0 (49) Mamedyarov,S (2804)-Ju,W (2572) chess.com INT 2018}) 6. Qe2 {[%emt 0:01:16]} Bg7 {[%emt 0:00:29]} 7. e4 {[%emt 0:00:26]} d6 {[%emt 0:00:49]} 8. e5 {[%emt 0:09:19]} Nfd7 $146 {[%emt 0:01:29]} ({Predecessor:} 8... dxe5 9. dxe5 Nfd7 10. Be4 Nc6 11. Rd1 Qc8 12. Bf4 Nc5 13. Nc3 {1-0 (53) Cori Tello,J (2496)-Rios,C (2362) Cochabamba 2013}) 9. Rd1 {[%emt 0:02:35]} d5 {[%emt 0:02:18]} (9... dxe5 $11 10. dxe5 Bxf3 11. Qxf3 c6) 10. h4 {[%emt 0:04:49]} Qc8 {[%emt 0:05:54]} 11. h5 {[%emt 0:02:15]} Ba6 {[%emt 0:00:54]} (11... c5 $16) 12. h6 {[%emt 0:01:02]} Bf8 {[%emt 0:00:12] [#]} 13. c4 $1 {[%emt 0:05:02]} c6 {[%emt 0:03:28]} 14. Bg5 {[%emt 0:04:00]} Qb7 {[%emt 0:05:38]} 15. a3 {[%emt 0:07:43]} dxc4 {[%emt 0:10:33]} 16. Bxc4 {[%emt 0:00:40]} Bxc4 {[%emt 0:00:37]} 17. Qxc4 {[%emt 0:00:15]} Na6 {[%emt 0:00:16]} 18. Nc3 {[%emt 0:03:23]} Nc7 {[%emt 0:00:50]} 19. Ne4 {[%emt 0:04:14]} Nd5 {[%emt 0:00:52]} 20. Rac1 {[%emt 0:03:55]} Rc8 {[%emt 0:02:22]} 21. Qa4 {[%emt 0:05:51]} b5 {[%emt 0:03:12]} 22. Qc2 {[%emt 0:02:29]} Rc7 {[%emt 0:01:40]} 23. Qd2 {[%emt 0:07:16]} b4 $18 {[%emt 0:01:33]} 24. Qd3 {[%emt 0:01:13]} Qb6 {[%emt 0:09:22]} 25. Nfd2 {[%emt 0:02:10]} c5 {[%emt 0:01:52]} 26. Nc4 {[%emt 0:01:45]} Qc6 {[%emt 0:00:05]} 27. dxc5 {[%emt 0:06:30]} Nxc5 {[%emt 0:00:27]} 28. Nf6+ {[%emt 0:00:31]} 1-0

[Event "79th ARM-ch 1st League 2018"]
[Site "Yerevan"]
[Date "2018.08.14"]
[Round "6"]
[White "Hakobyan, Aram"]
[Black "Hayrapetyan, Artavazd R"]
[Result "1/2-1/2"]
[WhiteElo "2545"]
[BlackElo "2371"]
[Annotator "ChessBase"]
[PlyCount "124"]
[EventDate "2018.08.09"]
[EventType "tourn"]
[EventCountry "ARM"]
[SourceTitle "playchess.com"]
[Source "ChessBase"]
[SourceQuality "1"]
[TimeControl "40/5400+30:1800+30"]

1. e4 {[%emt 0:03:32]} e6 {[%emt 0:00:48]} 2. d4 {[%emt 0:00:42]} d5 {[%emt 0:00:02]} 3. Nc3 {[%emt 0:00:49]} Nc6 {[%emt 0:05:29]} 4. Nf3 {[%emt 0:00:02]} Nf6 {[%emt 0:00:09]} 5. e5 {[%emt 0:00:15]} Nd7 {[%emt 0:00:04]} 6. Bb5 {[%emt 0:00:24]} a6 {[%emt 0:00:54]} 7. Bg5 {[%emt 0:03:48]} Be7 {[%emt 0:08:02]} 8. Bxe7 {[%emt 0:00:29]} Qxe7 {[%emt 0:02:24]} 9. Bd3 {[%emt 0:00:27]} Nb4 {[%emt 0:04:39]} 10. a3 {[%emt 0:01:51]} Nxd3+ {[%emt 0:00:07]} 11. Qxd3 {[%emt 0:01:35]} b6 {[%emt 0:00:44]} 12. O-O {[%emt 0:00:22]} c5 {[%emt 0:07:45]} 13. Rfe1 {[%emt 0:00:10]} O-O {[%emt 0:06:09]} 14. Qe3 {[%emt 0:04:22]} Bb7 {[%emt 0:07:11]} 15. Ne2 {[%emt 0:00:12]} a5 {[%emt 0:01:38]} 16. Ng3 {[%emt 0:01:06]} Rfc8 {[%emt 0:07:01]} 17. Nh5 {[%emt 0:02:17]} Ba6 {[%emt 0:01:35]} 18. Qf4 {[%emt 0:02:31]} Nf8 {[%emt 0:02:26]} 19. c3 {[%emt 0:45:16]} Ng6 {[%emt 0:05:08]} 20. Qd2 {[%emt 0:01:43]} Bc4 {[%emt 0:08:01]} 21. Qe3 {[%emt 0:01:40]} Bb3 {[%emt 0:01:35]} 22. Rac1 {[%emt 0:00:58]} Ba4 {[%emt 0:00:55]} 23. Nf4 {[%emt 0:01:03]} c4 {[%emt 0:00:58]} 24. g3 {[%emt 0:06:50]} b5 {[%emt 0:01:14]} 25. h4 {[%emt 0:00:17]} b4 {[%emt 0:04:33]} 26. axb4 {[%emt 0:00:01]} axb4 {[%emt 0:00:04]} 27. h5 {[%emt 0:02:42]} Nxf4 {[%emt 0:00:02]} 28. Qxf4 {[%emt 0:00:39]} h6 {[%emt 0:00:04]} 29. g4 {[%emt 0:00:32]} Kh7 {[%emt 0:04:51]} 30. g5 {[%emt 0:00:43]} bxc3 {[%emt 0:00:38]} 31. bxc3 {[%emt 0:00:29]} Rab8 {[%emt 0:02:00]} 32. Kh1 {[%emt 0:00:51]} Rb2 {[%emt 0:02:42]} 33. Rg1 {[%emt 0:01:06]} Bc2 {[%emt 0:03:18]} 34. Rg2 {[%emt 0:06:35]} Rb1 {[%emt 0:02:18]} 35. Rxb1 {[%emt 0:02:12]} Bxb1 {[%emt 0:00:05]} 36. Kh2 {[%emt 0:05:08]} Be4 {[%emt 0:03:58]} 37. gxh6 {[%emt 0:01:15]} gxh6 {[%emt 0:00:05]} 38. Qg4 {[%emt 0:02:05]} f6 {[%emt 0:01:58]} 39. Rg3 {[%emt 0:00:26]} Rf8 {[%emt 0:00:42]} 40. Nd2 {[%emt 0:00:00]} Bc2 {[%emt 0:00:00]} 41. Qh4 {[%emt 0:03:00]} Qf7 {[%emt 0:08:08]} 42. Rf3 {[%emt 0:06:51]} Bf5 {[%emt 0:00:43]} 43. exf6 {[%emt 0:00:22]} Qxf6 {[%emt 0:01:02]} 44. Qxf6 {[%emt 0:00:14]} Rxf6 {[%emt 0:00:01]} 45. Nf1 {[%emt 0:00:14]} Kg7 {[%emt 0:01:31]} 46. Ng3 {[%emt 0:00:16]} Bg4 {[%emt 0:02:00]} 47. Rxf6 {[%emt 0:00:30]} Kxf6 {[%emt 0:00:06]} 48. f4 {[%emt 0:00:06]} Ke7 {[%emt 0:00:50]} 49. Kg2 {[%emt 0:00:04]} Kd6 {[%emt 0:02:13]} 50. Kf2 {[%emt 0:00:04]} Kc6 {[%emt 0:00:39]} 51. Nf1 {[%emt 0:06:38]} Bxh5 {[%emt 0:05:42]} 52. Ne3 {[%emt 0:00:13]} Be8 {[%emt 0:03:25]} 53. f5 {[%emt 0:01:03]} exf5 {[%emt 0:01:01]} 54. Nxf5 {[%emt 0:00:03]} h5 {[%emt 0:00:08]} 55. Kg3 {[%emt 0:03:49]} Kb6 {[%emt 0:02:34]} 56. Kf4 {[%emt 0:00:53]} Bg6 {[%emt 0:01:41]} 57. Ne3 {[%emt 0:03:39]} Bf7 {[%emt 0:01:07]} 58. Nd1 {[%emt 0:01:31]} Kc6 {[%emt 0:12:09]} 59. Kg5 {[%emt 0:00:27]} Kd6 {[%emt 0:00:15]} 60. Ne3 {[%emt 0:00:52]} Kc6 {[%emt 0:00:22]} 61. Nd1 {[%emt 0:00:14]} Be8 {[%emt 0:00:04]} 62. Ne3 {[%emt 0:01:39]} Bf7 {[%emt 0:00:33]} 1/2-1/2

[Event "79th ARM-ch 1st League 2018"]
[Site "Yerevan"]
[Date "2018.08.14"]
[Round "6"]
[White "Harutyunian, Tigran K"]
[Black "Hayrapetyan, Hovik"]
[Result "1/2-1/2"]
[WhiteElo "2504"]
[BlackElo "2439"]
[Annotator "ChessBase"]
[PlyCount "73"]
[EventDate "2018.08.09"]
[EventType "tourn"]
[EventCountry "ARM"]
[SourceTitle "playchess.com"]
[Source "ChessBase"]
[SourceQuality "1"]
[TimeControl "40/5400+30:1800+30"]

1. d4 {[%emt 0:01:32]} Nf6 {[%emt 0:00:00]} 2. Nf3 {[%emt 0:00:12]} d5 {[%emt 0:00:34]} 3. c4 {[%emt 0:00:13]} e6 {[%emt 0:02:06]} 4. Nc3 {[%emt 0:00:32]} Be7 {[%emt 0:01:15]} 5. Bf4 {[%emt 0:05:08]} O-O {[%emt 0:01:00]} 6. Rc1 {[%emt 0:00:09]} dxc4 {[%emt 0:01:09]} 7. e3 {[%emt 0:00:36]} Nd5 {[%emt 0:03:50]} 8. Bxc4 {[%emt 0:01:40]} Nxf4 {[%emt 0:00:05]} 9. exf4 {[%emt 0:00:06]} Nd7 {[%emt 0:00:27]} 10. O-O {[%emt 0:00:50]} Nb6 {[%emt 0:05:18]} 11. Bb3 {[%emt 0:19:00]} Nd5 {[%emt 0:00:27]} 12. g3 {[%emt 0:00:16]} Nxc3 {[%emt 0:00:51]} 13. Rxc3 {[%emt 0:00:28]} Bd7 {[%emt 0:00:32]} 14. Qc2 {[%emt 0:14:24]} Bf6 {[%emt 0:07:58]} 15. Rd1 {[%emt 0:05:51]} Bc6 {[%emt 0:05:16]} 16. f5 {[%emt 0:09:33]} exf5 {[%emt 0:03:45]} 17. Qxf5 {[%emt 0:01:52]} g6 {[%emt 0:01:12]} 18. Qf4 {[%emt 0:01:04]} Bxf3 {[%emt 0:01:41]} 19. Rxf3 {[%emt 0:03:22]} Kg7 {[%emt 0:00:14]} 20. h4 {[%emt 0:03:03]} Qd6 {[%emt 0:01:47]} 21. Qxd6 {[%emt 0:06:22]} cxd6 {[%emt 0:00:08]} 22. Bd5 {[%emt 0:00:07]} Rab8 {[%emt 0:03:42]} 23. Rdd3 {[%emt 0:04:08]} Rbc8 {[%emt 0:06:36]} 24. h5 {[%emt 0:04:21]} h6 {[%emt 0:03:55]} 25. hxg6 {[%emt 0:02:00]} fxg6 {[%emt 0:00:48]} 26. Bxb7 {[%emt 0:00:05]} Rc1+ {[%emt 0:04:06]} 27. Kg2 {[%emt 0:00:12]} Rb8 {[%emt 0:00:03]} 28. Bd5 {[%emt 0:08:26]} Rxb2 {[%emt 0:00:26]} 29. Ra3 {[%emt 0:01:46]} Rc7 {[%emt 0:01:56]} 30. Rae3 {[%emt 0:00:13]} Rb5 {[%emt 0:03:52]} 31. Re6 {[%emt 0:00:58]} Bxd4 {[%emt 0:00:05]} 32. Be4 {[%emt 0:01:19]} Rg5 {[%emt 0:01:25]} 33. Rxd6 {[%emt 0:00:33]} Bc5 {[%emt 0:01:34]} 34. Rd8 {[%emt 0:00:46]} Re5 {[%emt 0:00:47]} 35. Bd5 {[%emt 0:00:34]} Rf5 {[%emt 0:00:51]} 36. Rg8+ {[%emt 0:02:41]} Kh7 {[%emt 0:01:59]} 37. Rxf5 {[%emt 0:00:59]} 1/2-1/2